Hádzaná ako proces mravnej výchovy študentov VŠ

Enregistré dans:
Détails bibliographiques
Auteur principal: Hložek, Peter, 1959-
Format: Chapitre de livre
Langue:slovaque
Sujets:
Tags: Ajouter un tag
Pas de tags, Soyez le premier à ajouter un tag!

MARC

LEADER 00000naa$a2200000$$$4500
001 0306550
005 20250127124840.4
041 0 |a slo 
044 |a SK 
245 1 0 |a Hádzaná ako proces mravnej výchovy študentov VŠ  |c Peter Hložek 
500 |a Abstrakt 
610 2 0 |a šport 
610 2 0 |a Slovensko 
610 2 0 |a zdravie 
100 1 |a Hložek, Peter, 1959-